| 000 | 00907nam a22002897a 4500 | ||
|---|---|---|---|
| 001 | 200461199 | ||
| 003 | TR-AnTOB | ||
| 005 | 20240625110656.0 | ||
| 008 | 240625b tu ||||| |||| 00| 0 tur d | ||
| 020 | _a9789944343992 | ||
| 040 |
_aTR-AnTOB _beng _erda _cTR-AnTOB |
||
| 041 | _atur | ||
| 092 |
_a372.412 _bJAN 2023 |
||
| 100 |
_qJanosch _eauthor. |
||
| 245 |
_aVaay, Panama ne güzelmiş : _bkaplancıkla ayıcıkın Panama'ya yaptıkları gezinin öyküsüdür / _cJanosch ; Türkçesi : Necdet Neydim |
||
| 250 | _a6.bs. | ||
| 260 |
_aİstanbul : _bKelime Yayınları ; _c2023. |
||
| 300 |
_a48 Pages. : _bill. ; _c20 cm. |
||
| 336 |
_atext _btxt _2rdacontent |
||
| 337 |
_aunmediated _bn _2rdamedia |
||
| 338 |
_avolume _bnc _2rdacarrier |
||
| 653 | _aAlman Edebiyatı | ||
| 700 |
_qNeydim, Necdet _eTranslator. |
||
| 942 |
_2ddc _cBK |
||
| 999 |
_c200461199 _d79411 |
||